Red Bull F1 drivers by picture - Statistics

General Stats
  • This quiz has been taken 78 times
  • The average score is 9 of 12
Answer Stats
Picture Answer % Correct
Max Verstappen
100%
Sergio Perez
99%
Alexander Albon
94%
Daniel Ricciardo
94%
Pierre Gasly
94%
Sebastian Vettel
91%
Mark Webber
74%
Daniil Kvyat
65%
David Coulthard
63%
Christian Klien
35%
Vitantonio Liuzzi
32%
Robert Doornbos
24%
No matching quizzes found
Score Distribution
Percent of People with Each Score
Percentile by Number Answered
Your Score History
You have not taken this quiz